000 00943nam a22002657a 4500
001 06203
003 HDC
007 cr bn ---aaaaa
008 210123b20052005xxu||||| |||| 00| 0 eng d
020 _a0849327261
040 _aHDC
100 _aShachman, Maurice
_eauthor
_96522
245 0 _aFlavors - the magical ingredients
_c/ Maurice Shachman
260 _aUnited States:
_bCRC Press,
_c2005
300 _a1 online resource (9 pages)
336 _atext
_2rdacontent
337 _acomputer
_2rdamedia
338 _aonline resource
_2rdacarrier
500 _aOriginally from: The soft drinks companion : a technical handbook for the beverage industry, 2005
650 _aCarbonated beverages
_96523
856 _zRequest full-text at [email protected]
942 _2lcc
942 _cCHAP
942 _kEBCH 004231
999 _c3527
_d3527